Indian journal of traditional knowledge. (Record no. 24339)
[ view plain ]
| 000 -LEADER | |
|---|---|
| fixed length control field | 01835nam a22004577a 4500 |
| 001 - CONTROL NUMBER | |
| control field | 13444717 |
| 005 - DATE AND TIME OF LATEST TRANSACTION | |
| control field | 20080626050412.0 |
| 008 - FIXED-LENGTH DATA ELEMENTS--GENERAL INFORMATION | |
| fixed length control field | 031228c20029999ii qr p 0 0eng |
| 016 ## - NATIONAL BIBLIOGRAPHIC AGENCY CONTROL NUMBER | |
| Record control number | 101225421 |
| Source | DNLM |
| 022 ## - INTERNATIONAL STANDARD SERIAL NUMBER | |
| International Standard Serial Number | 0972-5938 |
| 025 ## - OVERSEAS ACQUISITION NUMBER | |
| Overseas acquisition number | I-D-E-2003-306071; 44 |
| 035 ## - SYSTEM CONTROL NUMBER | |
| System control number | (OCoLC)ocm53956859 |
| 037 ## - SOURCE OF ACQUISITION | |
| Source of stock number/acquisition | National Institute of Science Communication, Dr. K.S. Krishnan Marg (Near Pusta Gate), New Delhi-110012 |
| 040 ## - CATALOGING SOURCE | |
| Original cataloging agency | DLC |
| Transcribing agency | DLC |
| Modifying agency | DNLM |
| -- | OCoLC |
| -- | DLC |
| -- | DNAL |
| 042 ## - AUTHENTICATION CODE | |
| Authentication code | lc |
| 043 ## - GEOGRAPHIC AREA CODE | |
| Geographic area code | a-ii--- |
| 050 ## - LIBRARY OF CONGRESS CALL NUMBER | |
| Classification number | Q224.3 I4 |
| Item number | I535 |
| 060 ## - NATIONAL LIBRARY OF MEDICINE CALL NUMBER | |
| Classification number | W1 |
| Item number | IN238 |
| 070 ## - NATIONAL AGRICULTURAL LIBRARY CALL NUMBER | |
| Classification number | Q224.3.I4 |
| Item number | I535 |
| 072 ## - SUBJECT CATEGORY CODE | |
| Subject category code | X650 |
| 210 ## - ABBREVIATED TITLE | |
| Abbreviated title | Indian j traditional knowledge |
| 245 ## - TITLE STATEMENT | |
| Title | Indian journal of traditional knowledge. |
| 260 ## - PUBLICATION, DISTRIBUTION, ETC. (IMPRINT) | |
| Place of publication, distribution, etc | New Delhi : |
| Name of publisher, distributor, etc | National Institute of Science Communication And Information Resources,CSIR |
| Date of publication, distribution, etc | 2002- |
| 300 ## - PHYSICAL DESCRIPTION | |
| Extent | v. : |
| Other physical details | ill. ; |
| Dimensions | 25 cm. |
| 310 ## - CURRENT PUBLICATION FREQUENCY | |
| Current publication frequency | Quarterly |
| 362 ## - DATES OF PUBLICATION AND/OR SEQUENTIAL DESIGNATION | |
| Dates of publication and/or sequential designation | Vol. 1, no. 1 (July 2002)- |
| 500 ## - GENERAL NOTE | |
| General note | Title from cover. |
| 500 ## - GENERAL NOTE | |
| General note | Publisher: National Institute of Science Communication and Information Resources, <Apr. 2003->. |
| 500 ## - GENERAL NOTE | |
| General note | Latest issue consulted: Vol. 5, no. 1 (Jan. 2006). |
| 650 ## - SUBJECT ADDED ENTRY--TOPICAL TERM | |
| Topical term or geographic name as entry element | Science |
| Geographic subdivision | India |
| General subdivision | Information services |
| Form subdivision | Periodicals. |
| 650 ## - SUBJECT ADDED ENTRY--TOPICAL TERM | |
| Topical term or geographic name as entry element | Science |
| Geographic subdivision | India |
| General subdivision | Information services |
| Form subdivision | Periodicals. |
| 650 ## - SUBJECT ADDED ENTRY--TOPICAL TERM | |
| Topical term or geographic name as entry element | Medicine, Ayurvedic |
| Geographic subdivision | India |
| Form subdivision | Periodicals. |
| 710 ## - ADDED ENTRY--CORPORATE NAME | |
| Corporate name or jurisdiction name as entry element | National Institute of Science Communication (New Delhi, India) |
| 710 ## - ADDED ENTRY--CORPORATE NAME | |
| Corporate name or jurisdiction name as entry element | National Institute of Science Communication and Information Resources (New Delhi, India) |
| 906 ## - LOCAL DATA ELEMENT F, LDF (RLIN) | |
| a | 7 |
| b | cbc |
| c | serials |
| d | 3 |
| e | ncip |
| f | 20 |
| g | n-oclcserc |
| 936 ## - OCLC/CONSER MISCELLANEOUS DATA (OCLC); PIECE USED FOR CATALOGING (pre-AACR2) (RLIN) | |
| OCLC control number(s) of parallel record(s) (OCLC); Piece used for cataloging, PUC (RLIN) | Converted from ELvl 4 (OCLC) |
| 942 ## - ADDED ENTRY ELEMENTS (KOHA) | |
| Source of classification or shelving scheme | Dewey Decimal Classification |
| Item type | Periodicals |
| Serial record | 1 |
| Withdrawn status | Lost status | Source of classification or shelving scheme | Damaged status | Not for loan | Collection code | Home library | Current library | Date acquired | Total Checkouts | Date last seen | Price effective from | Koha item type |
|---|---|---|---|---|---|---|---|---|---|---|---|---|
| Dewey Decimal Classification | Not For Loan | Non-fiction | D.B.Act.Division | D.B.Act.Division | 25/02/2009 | 25/02/2009 | 25/02/2009 | Periodicals |
